Tiếng Việt đại cương - Ngữ âm

Spremljeno u:
Bibliografski detalji
Glavni autor: Bùi, Minh Toán
Daljnji autori: Đặng, Thị Lanh
Format: Knjiga
Jezik:Undetermined
Izdano: H. ĐHSP 2006
Teme:
Online pristup:http://lrc.tdmu.edu.vn/opac/search/detail.asp?aID=2&ID=5771
Oznake: Dodaj oznaku
Bez oznaka, Budi prvi tko označuje ovaj zapis!
Thư viện lưu trữ: Trung tâm Học liệu Trường Đại học Thủ Dầu Một
LEADER 00628nam a2200205Ia 4500
001 TDMU_5771
008 210410s9999 xx 000 0 und d
082 |a 495.9221 
090 |b B510 
100 |a Bùi, Minh Toán 
245 0 |a Tiếng Việt đại cương - Ngữ âm 
245 0 |c Bùi Minh Toán 
260 |a H. 
260 |b ĐHSP 
260 |c 2006 
300 |a 188tr. 
650 |a Tiếng Việt  |x Ngữ âm học 
700 |a Đặng, Thị Lanh 
856 |u http://lrc.tdmu.edu.vn/opac/search/detail.asp?aID=2&ID=5771 
980 |a Trung tâm Học liệu Trường Đại học Thủ Dầu Một